[Event "Reykjavik op"]
[Site "Reykjavik"]
[Date "2016.03.16"]
[Round "10"]
[White "Freuler, Roman"]
[Black "Eiriksson, Sigurdur"]
[Result "1-0"]
[WhiteElo "2047"]
[BlackElo "1933"]
[PlyCount "95"]
[EventDate "2016.03.08"]
[EventType "swiss"]
[EventRounds "10"]
[EventCountry "ISL"]
[SourceTitle "CBM 171 Extra"]
[Source "ChessBase"]
[SourceDate "2016.04.26"]
[SourceVersion "1"]
[SourceVersionDate "2016.04.26"]
[SourceQuality "1"]

1. e4 c5 2. Nf3 d6 3. d4 cxd4 4. Nxd4 Nf6 5. Nc3 a6 6. Be3 Ng4 7. Bc1 g6 8. f3 Nf6 9. Be3 Bg7 10. Qd2 Nc6 11. Nb3 Qc7 12. 0-0-0 Be6 13. Kb1 Rc8 14. Bh6 Bxh6 15. Qxh6 b5 16. Rc1 Nb4 17. Qd2 Nc6 18. Be2 Ne5 19. Nd5 Bxd5 20. exd5 Nc4 21. Qd4 Qb6 22. Bxc4 Qxd4 23. Bxb5+ axb5 24. Nxd4 Rc5 25. Nb3 Rxd5 26. Rcd1 Kd7 27. Rxd5 Nxd5 28. Rd1 Ne3 29. Rd2 e5 30. Re2 Nc4 31. Nd2 Nxd2+ 32. Rxd2 Rc8 33. Rd5 Rc5 34. Rxc5 dxc5 35. c4 Kc6 36. Kc2 f5 37. cxb5+ Kxb5 38. Kd3 h5 39. h4 Kb4 40. Kd2 Kc4 41. Ke3 Kb5 42. Ke2 Kc4 43. Kd2 Kb4 44. Kd3 Kb5 45. Kc3 Kb6 46. b4 Kc6 47. bxc5 Kxc5 48. a4 1-0

[Event "Reykjavik op"]
[Site "Reykjavik"]
[Date "2016.03.15"]
[Round "9"]
[White "Schadd, Jan"]
[Black "Freuler, Roman"]
[Result "1/2-1/2"]
[WhiteElo "1864"]
[BlackElo "2047"]
[PlyCount "60"]
[EventDate "2016.03.08"]
[EventType "swiss"]
[EventRounds "10"]
[EventCountry "ISL"]
[SourceTitle "CBM 171 Extra"]
[Source "ChessBase"]
[SourceDate "2016.04.26"]
[SourceVersion "1"]
[SourceVersionDate "2016.04.26"]
[SourceQuality "1"]

1. d4 Nf6 2. Nf3 g6 3. Nc3 c5 4. d5 Bg7 5. Bf4 d6 6. Qd2 b5 7. Bh6 0-0 8. Bxg7 Kxg7 9. Nxb5 Nbd7 10. e3 Qb6 11. c4 Rb8 12. b3 Ne4 13. Qc2 Ndf6 14. Bd3 Qa5+ 15. Kf1 a6 16. Na7 Qc3 17. Qxc3 Nxc3 18. Nxc8 Rfxc8 19. Nd2 a5 20. f3 a4 21. Kf2 axb3 22. axb3 Ra8 23. Rxa8 Rxa8 24. Rc1 Na2 25. Ra1 Ra6 26. Bb1 Nb4 27. Rxa6 Nxa6 28. Ke2 Nd7 29. f4 h6 30. Kf3 Nb4 1/2-1/2

[Event "Reykjavik op"]
[Site "Reykjavik"]
[Date "2016.03.12"]
[Round "6"]
[White "Barthel, Ansgar"]
[Black "Freuler, Roman"]
[Result "1-0"]
[WhiteElo "2166"]
[BlackElo "2047"]
[PlyCount "63"]
[EventDate "2016.03.08"]
[EventType "swiss"]
[EventRounds "10"]
[EventCountry "ISL"]
[SourceTitle "CBM 171 Extra"]
[Source "ChessBase"]
[SourceDate "2016.04.26"]
[SourceVersion "1"]
[SourceVersionDate "2016.04.26"]
[SourceQuality "1"]

1. e4 c5 2. Nf3 d6 3. d4 cxd4 4. Nxd4 Nf6 5. Nc3 Nc6 6. Bg5 e6 7. Qd2 Qb6 8. Nb3 Be7 9. 0-0-0 0-0 10. f3 Rd8 11. Qe1 Rd7 12. h4 Qd8 13. g4 d5 14. e5 Ne8 15. Bxe7 Qxe7 16. f4 a6 17. Na4 Rd8 18. Nb6 Rb8 19. Qe3 Nc7 20. Bd3 Na8 21. Nxa8 Rxa8 22. h5 Bd7 23. Kb1 Na7 24. c3 Bb5 25. Bc2 Qc7 26. Nd4 Qb6 27. f5 exf5 28. g5 Re8 29. Qg3 Kh8 30. h6 g6 31. e6 fxe6 32. Qe5+ 1-0

[Event "Reykjavik op"]
[Site "Reykjavik"]
[Date "2016.03.09"]
[Round "3"]
[White "Freuler, Roman"]
[Black "Edel, Fenja"]
[Result "1-0"]
[WhiteElo "2047"]
[BlackElo "1721"]
[PlyCount "131"]
[EventDate "2016.03.08"]
[EventType "swiss"]
[EventRounds "10"]
[EventCountry "ISL"]
[SourceTitle "CBM 171 Extra"]
[Source "ChessBase"]
[SourceDate "2016.04.26"]
[SourceVersion "1"]
[SourceVersionDate "2016.04.26"]
[SourceQuality "1"]

1. e4 e6 2. d4 d5 3. e5 c5 4. c3 Nc6 5. Nf3 Bd7 6. a3 a5 7. Bd3 Qb6 8. Qc2 Nh6 9. 0-0 cxd4 10. cxd4 Nf5 11. Bxf5 exf5 12. Nc3 Be6 13. Qd3 Be7 14. Bd2 0-0 15. h4 Rac8 16. Na4 Qd8 17. g3 Na7 18. Rac1 Rxc1 19. Rxc1 b5 20. Nc5 Qb6 21. b4 a4 22. Bg5 Bxg5 23. Nxg5 Rc8 24. Kg2 h6 25. Nh3 Nc6 26. Nf4 Ne7 27. Ne2 Ng6 28. h5 Ne7 29. Rc3 Rc6 30. Nxe6 fxe6 31. Rc5 Rxc5 32. dxc5 Qb8 33. Nd4 Qxe5 34. Qe3 Qf6 35. Qxe6+ Qxe6 36. Nxe6 Nc6 37. Nc7 d4 38. Nxb5 Kf7 39. Kf3 Ke6 40. Nc7+ Kd7 41. Nd5 Ne5+ 42. Ke2 Kc6 43. Nb6 Kb5 44. Kd2 Nc6 45. Kd3 Nxb4+ 46. axb4 a3 47. Nc4 a2 48. Na3+ Kxb4 49. Nc2+ Kxc5 50. Na1 Kd5 51. f4 Kc5 52. Nc2 Kd6 53. Kxd4 Ke6 54. Kc3 Kd5 55. Kd3 Kc5 56. Na1 Kd5 57. Nb3 Kd6 58. Kd4 Ke6 59. Kc5 Kf7 60. Kd5 Kf6 61. Kd6 Kf7 62. Ke5 g6 63. Na1 gxh5 64. Kxf5 Kg7 65. Ke6 Kf8 66. Kf6 1-0

[Event "Gibraltar Masters 13th"]
[Site "Caleta"]
[Date "2015.01.31"]
[Round "5"]
[White "Freuler, Roman"]
[Black "Balogun, Oluwafemi Daniel"]
[Result "1/2-1/2"]
[WhiteElo "2071"]
[BlackElo "2193"]
[PlyCount "150"]
[EventDate "2015.01.27"]
[EventType "swiss"]
[EventRounds "10"]
[EventCountry "GGB"]
[SourceTitle "CBM 165"]
[Source "ChessBase"]
[SourceDate "2015.03.11"]
[SourceVersion "1"]
[SourceVersionDate "2015.03.11"]
[SourceQuality "1"]

1. e4 d6 2. d4 Nf6 3. Nc3 g6 4. f3 a6 5. Be3 b5 6. Qd2 Nbd7 7. 0-0-0 Bb7 8. g4 Nb6 9. g5 Nh5 10. Bd3 Bg7 11. Nce2 0-0 12. Ng3 c5 13. Nxh5 gxh5 14. c3 b4 15. cxb4 cxd4 16. Bf2 d5 17. Kb1 Rc8 18. Ne2 dxe4 19. Bxe4 Nc4 20. Qd3 Bxe4 21. fxe4 e5 22. Ng3 Qb6 23. Qb3 Nd6 24. Rhe1 Rc4 25. a3 Rfc8 26. Nxh5 a5 27. Bg3 Qb5 28. Nxg7 Kxg7 29. Qf3 Ne8 30. Qf5 Kg8 31. Rf1 Qb7 32. Bxe5 axb4 33. a4 R8c5 34. Qf4 d3 35. Bd6 Rc8 36. Rxd3 Rxe4 37. Qg3 Qc6 38. Rd2 Qxa4 39. Qd3 Nxd6 40. Qxd6 Ra8 41. Qf6 Qa2+ 42. Kc1 Rc8+ 43. Rc2 Rce8 44. Rc7 Qa1+ 45. Kc2 Qa4+ 46. Kb1 Re1+ 47. Rxe1 Rxe1+ 48. Rc1 Re8 49. Qc6 Qxc6 50. Rxc6 Re5 51. h4 Re4 52. h5 Re5 53. h6 Kf8 54. Rb6 Rxg5 55. Rxb4 Rg6 56. Rh4 Ke7 57. b4 f5 58. Kc2 Kd6 59. Kd3 Kd5 60. Rh3 Ra6 61. Kc2 f4 62. b5 Ra7 63. b6 Rb7 64. Rb3 Ke4 65. Kd2 Kd5 66. Ke2 Kc6 67. Kf3 Rxb6 68. Rxb6+ Kxb6 69. Kxf4 Kc7 70. Kf5 Kd7 71. Kf6 Ke8 72. Kg7 Ke7 73. Kxh7 Kf7 74. Kh8 Kf8 75. Kh7 Kf7 1/2-1/2

[Event "Gibraltar Masters 13th"]
[Site "Caleta"]
[Date "2015.01.27"]
[Round "1"]
[White "Freuler, Roman"]
[Black "Svane, Rasmus"]
[Result "0-1"]
[WhiteElo "2071"]
[BlackElo "2496"]
[PlyCount "54"]
[EventDate "2015.01.27"]
[EventType "swiss"]
[EventRounds "10"]
[EventCountry "GGB"]
[SourceTitle "CBM 165"]
[Source "ChessBase"]
[SourceDate "2015.03.11"]
[SourceVersion "1"]
[SourceVersionDate "2015.03.11"]
[SourceQuality "1"]

1. e4 e6 2. d4 d5 3. e5 c5 4. c3 Nc6 5. Nf3 Bd7 6. a3 c4 7. b3 cxb3 8. Qxb3 Na5 9. Qc2 Ne7 10. Bd3 h6 11. 0-0 Nc8 12. Nbd2 Nb6 13. Rb1 Rc8 14. Bb5 Be7 15. Qd3 0-0 16. Bxd7 Qxd7 17. Qb5 Qxb5 18. Rxb5 Nc6 19. Bb2 Rc7 20. Rb1 Na4 21. Ba1 Re8 22. c4 a6 23. Rxd5 exd5 24. cxd5 Rd8 25. dxc6 Rxc6 26. Kf1 Bxa3 27. Ke2 b5 0-1

[Event "Gibraltar Masters 12th"]
[Site "Caleta"]
[Date "2014.02.06"]
[Round "10"]
[White "Tscharotschkin, Michael"]
[Black "Freuler, Roman"]
[Result "1-0"]
[WhiteElo "2201"]
[BlackElo "2048"]
[PlyCount "47"]
[EventDate "2014.01.28"]
[EventType "swiss"]
[EventRounds "10"]
[EventCountry "GGB"]
[SourceTitle "CBM 159"]
[Source "ChessBase"]
[SourceDate "2014.03.17"]
[SourceVersion "1"]
[SourceVersionDate "2014.03.17"]
[SourceQuality "1"]

1. e4 c5 2. c3 Nf6 3. e5 Nd5 4. d4 cxd4 5. cxd4 d6 6. Nf3 Nc6 7. a3 e6 8. Bd3 Be7 9. 0-0 0-0 10. Qe2 Qb6 11. Rd1 Bd7 12. Nc3 Nxc3 13. bxc3 dxe5 14. dxe5 Rfd8 15. Ng5 g6 16. Nxh7 Nxe5 17. Qxe5 Kxh7 18. Qh5+ Kg8 19. Bxg6 fxg6 20. Qxg6+ Kh8 21. Rd3 e5 22. Qh5+ Kg7 23. Rg3+ Bg5 24. Bxg5 1-0

[Event "EU-ch rapid"]
[Site "Warsaw"]
[Date "2013.12.14"]
[Round "2"]
[White "Freuler, Roman"]
[Black "Sargissian, Gabriel"]
[Result "0-1"]
[WhiteElo "2053"]
[BlackElo "2675"]
[PlyCount "100"]
[EventDate "2013.12.14"]
[EventType "swiss (rapid)"]
[EventRounds "11"]
[EventCountry "POL"]
[SourceTitle "CBM 157 Extra"]
[Source "ChessBase"]
[SourceDate "2013.12.19"]
[SourceVersion "1"]
[SourceVersionDate "2013.12.19"]
[SourceQuality "1"]

1. e4 e5 2. Nf3 Nc6 3. d4 exd4 4. Nxd4 Bc5 5. Be3 Qf6 6. c3 Nge7 7. Bc4 0-0 8. 0-0 b6 9. b4 Bxd4 10. Bxd4 Nxd4 11. Qxd4 Qxd4 12. cxd4 Nc6 13. Bd5 Ba6 14. Rd1 Rad8 15. a3 Ne7 16. Bb3 d5 17. e5 Bc4 18. Nd2 b5 19. Bc2 Nc6 20. Nf3 Ra8 21. Bf5 a5 22. Bd7 Nb8 23. e6 Nxd7 24. exd7 f6 25. bxa5 Rxa5 26. Re1 Kf7 27. Nd2 Rd8 28. h3 Rxd7 29. a4 bxa4 30. Rec1 Bb5 31. Nb3 Ra8 32. Nc5 Re7 33. Rc3 c6 34. Rca3 h5 35. h4 g5 36. hxg5 fxg5 37. Kh2 Kg6 38. Kg1 h4 39. Kh2 Re2 40. Kg1 Rd2 41. Nxa4 Rxd4 42. Nc5 Rxa3 43. Rxa3 Rd1+ 44. Kh2 d4 45. Ra8 Bc4 46. Ra7 d3 47. Nd7 Kf5 48. Ra5+ Bd5 49. Nb6 d2 50. Nxd5 Rh1+ 0-1

[Event "Gibraltar Masters 11th"]
[Site "Caleta"]
[Date "2013.01.25"]
[Round "4"]
[White "Whatley, Stephen Arthur"]
[Black "Freuler, Roman"]
[Result "0-1"]
[WhiteElo "1717"]
[BlackElo "2098"]
[PlyCount "66"]
[EventDate "2013.01.22"]
[EventType "swiss"]
[EventRounds "10"]
[EventCountry "GGB"]
[SourceTitle "CBM 153"]
[Source "ChessBase"]
[SourceDate "2013.03.14"]
[SourceVersion "1"]
[SourceVersionDate "2013.03.14"]
[SourceQuality "1"]

1. e4 c5 2. Nf3 d6 3. d4 cxd4 4. Nxd4 Nf6 5. Nc3 Nc6 6. Bg5 e6 7. Qd2 Be7 8. Be2 0-0 9. 0-0-0 a6 10. f4 Qc7 11. Bf3 Rb8 12. h4 h6 13. Bxf6 Bxf6 14. Nxc6 bxc6 15. b3 Qa5 16. Na4 Qxa4 17. bxa4 Bb2+ 18. Kb1 Bc3+ 19. Kc1 Bxd2+ 20. Rxd2 d5 21. c3 a5 22. Rb2 Ba6 23. Rxb8 Rxb8 24. Kc2 Kf8 25. e5 Bc4 26. Rb1 Bd3+ 27. Kxd3 Rxb1 28. Kc2 Rf1 29. Kb3 h5 30. Kc2 g6 31. Kb3 Ke7 32. Kc2 Ra1 33. Kb2 Rh1 0-1

[Event "Gibraltar Masters 11th"]
[Site "Caleta"]
[Date "2013.01.24"]
[Round "3"]
[White "Freuler, Roman"]
[Black "Reid, Vanessa"]
[Result "1/2-1/2"]
[WhiteElo "2098"]
[BlackElo "1844"]
[PlyCount "59"]
[EventDate "2013.01.22"]
[EventType "swiss"]
[EventRounds "10"]
[EventCountry "GGB"]
[SourceTitle "CBM 153"]
[Source "ChessBase"]
[SourceDate "2013.03.14"]
[SourceVersion "1"]
[SourceVersionDate "2013.03.14"]
[SourceQuality "1"]

1. e4 c6 2. d4 d5 3. Nc3 dxe4 4. Nxe4 Bf5 5. Ng3 Bg6 6. h4 h6 7. Nf3 e6 8. Ne5 Bh7 9. Bf4 Nd7 10. Bd3 Bxd3 11. Qxd3 Nxe5 12. Bxe5 Qa5+ 13. c3 0-0-0 14. Qe2 Ne7 15. 0-0 Ng6 16. h5 Nxe5 17. dxe5 Rd5 18. Rfe1 Be7 19. Qg4 Rg8 20. Qf4 Rf8 21. Qe4 Rh8 22. a4 Qc7 23. Re2 Rhd8 24. Rae1 Kb8 25. Kh1 a6 26. Qg4 Bf8 27. Qe4 Qe7 28. Qg4 Qc7 29. b4 a5 30. Re4 1/2-1/2

[Event "Gibraltar Masters 10th"]
[Site "Caleta"]
[Date "2012.01.27"]
[Round "4"]
[White "Freuler, Roman"]
[Black "Palencia Morales, Wilson Guillermo"]
[Result "1-0"]
[WhiteElo "2077"]
[BlackElo "2324"]
[PlyCount "127"]
[EventDate "2012.01.24"]
[EventType "swiss"]
[EventRounds "10"]
[EventCountry "GGB"]
[SourceTitle "CBM 147"]
[Source "ChessBase"]
[SourceDate "2012.03.16"]
[SourceVersion "1"]
[SourceVersionDate "2012.03.16"]
[SourceQuality "1"]

1. e4 d5 2. exd5 Qxd5 3. Nc3 Qa5 4. Be2 c6 5. Nf3 Qc7 6. d4 Nf6 7. Bg5 Nbd7 8. Qd2 e6 9. Bf4 Bd6 10. Bxd6 Qxd6 11. 0-0-0 b5 12. Ne5 0-0 13. f4 Nb6 14. Bf3 Nc4 15. Nxb5 cxb5 16. Nxc4 Qb8 17. Bxa8 Qxa8 18. Ne5 Bb7 19. Rhg1 a5 20. Nd3 b4 21. Nc5 Bd5 22. Kb1 Rb8 23. Rc1 a4 24. c4 bxc3 25. Qxc3 a3 26. b3 Bxg2 27. Ka1 Bd5 28. Qe3 Qa7 29. Qe5 Ne8 30. Nd7 Ra8 31. Nf6+ Nxf6 32. Qxf6 g6 33. Qe5 Qa5 34. Rc2 Rf8 35. h4 Qa6 36. Qe3 h5 37. Rgc1 Qa8 38. Rc5 Qd8 39. Qe5 Qxh4 40. Rc8 Qe7 41. Qb8 Rxc8 42. Rxc8+ Kh7 43. Qe5 f6 44. Qb8 g5 45. Rc7 Qxc7 46. Qxc7+ Kg6 47. fxg5 fxg5 48. Qg3 Kf5 49. Qh3+ g4 50. Qxh5+ Kf4 51. Kb1 g3 52. Qe2 g2 53. Qf2+ Kg4 54. Kc2 Kh3 55. Qg1 Be4+ 56. Kc3 Bb1 57. Kb4 Bxa2 58. Kxa3 Bb1 59. Qxb1 Kh2 60. Qh7+ Kg3 61. Qg6+ Kf2 62. b4 g1Q 63. Qxg1+ Kxg1 64. b5 1-0

[Event "Gibraltar Masters 10th"]
[Site "Caleta"]
[Date "2012.01.25"]
[Round "2"]
[White "Freuler, Roman"]
[Black "Ali, Sebbar"]
[Result "1-0"]
[WhiteElo "2077"]
[BlackElo "2292"]
[PlyCount "119"]
[EventDate "2012.01.24"]
[EventType "swiss"]
[EventRounds "10"]
[EventCountry "GGB"]
[SourceTitle "CBM 147"]
[Source "ChessBase"]
[SourceDate "2012.03.16"]
[SourceVersion "1"]
[SourceVersionDate "2012.03.16"]
[SourceQuality "1"]

1. e4 c5 2. Nf3 Nc6 3. d4 cxd4 4. Nxd4 Nf6 5. Nc3 d6 6. Bg5 Bd7 7. Qd2 Rc8 8. 0-0-0 Nxd4 9. Qxd4 Qa5 10. Bd2 a6 11. Kb1 Qc5 12. Qxc5 Rxc5 13. f3 e6 14. Be3 Rc8 15. Be2 Be7 16. Rhe1 h6 17. f4 Rxc3 18. bxc3 Nxe4 19. Bd4 Nf6 20. Bf3 0-0 21. Ka1 b5 22. g3 Rc8 23. Rb1 d5 24. Re2 Rc4 25. Re3 Kf8 26. Be2 Ra4 27. Bd3 Ne8 28. Rbe1 Bf6 29. Bxf6 gxf6 30. Rb1 Ke7 31. Rb4 Ra5 32. g4 Kd6 33. Rh3 e5 34. f5 Kc5 35. Rxh6 d4 36. Rb3 Bc6 37. Rh8 Nd6 38. cxd4+ Kxd4 39. Rd8 Kd5 40. Rc3 Ra4 41. Be2 e4 42. h4 Rd4 43. h5 Rd2 44. Re3 Ke5 45. h6 Kf4 46. Rh3 Rxe2 47. h7 Nc4 48. Rd1 e3 49. h8Q Rxc2 50. Qxf6 e2 51. Qd4+ Be4 52. Qf2+ Ke5 53. Qg3+ Kf6 54. Re1 Rd2 55. Qc3+ Ke7 56. Qxd2 Nxd2 57. Rxe2 Kf6 58. Rxd2 Kg5 59. Rd4 Bb7 60. Rh5+ 1-0

[Event "Gibraltar Masters 10th"]
[Site "Caleta"]
[Date "2012.01.24"]
[Round "1"]
[White "Gallach Perez, Yago"]
[Black "Freuler, Roman"]
[Result "0-1"]
[WhiteElo "1843"]
[BlackElo "2077"]
[PlyCount "158"]
[EventDate "2012.01.24"]
[EventType "swiss"]
[EventRounds "10"]
[EventCountry "GGB"]
[SourceTitle "CBM 147"]
[Source "ChessBase"]
[SourceDate "2012.03.16"]
[SourceVersion "1"]
[SourceVersionDate "2012.03.16"]
[SourceQuality "1"]

1. d4 Nf6 2. c4 c5 3. d5 b5 4. f3 d6 5. e4 g6 6. cxb5 a6 7. a4 Bg7 8. Na3 0-0 9. Ne2 axb5 10. Nxb5 Na6 11. Nec3 Nc7 12. Bg5 Nfe8 13. Be2 Nxb5 14. Bxb5 Nc7 15. Bc4 Ba6 16. Bxa6 Nxa6 17. 0-0 h6 18. Be3 Qa5 19. Qd2 Kh7 20. Rfd1 Qb4 21. Rdb1 Nc7 22. Nb5 Qxd2 23. Bxd2 Nxb5 24. axb5 Rxa1 25. Rxa1 Bxb2 26. Rb1 Bd4+ 27. Kf1 Rb8 28. Ba5 Rb7 29. Ke2 Kg7 30. Kd3 Kf8 31. b6 Ke8 32. Kc4 Kd7 33. Kb5 Rb8 34. Bd2 h5 35. Ba5 Be5 36. h3 Bd4 37. g4 h4 38. Kc4 Kc8 39. Bd2 f6 40. Kb5 Kb7 41. Rc1 Ra8 42. Ba5 Ra6 43. Rc4 Be3 44. Ra4 g5 45. Rc4 Bf2 46. Rc2 Bd4 47. Rc4 Be3 48. Rc2 c4 49. Rxc4 Bxb6 50. Ra4 Bxa5 51. Rxa5 Rb6+ 52. Kc4 Kc7 53. Ra7+ Kd8 54. Ra8+ Kd7 55. Ra7+ Ke8 56. e5 fxe5 57. Kd3 Rb4 58. Ke3 Kf7 59. Rc7 Rd4 60. Ra7 Kf6 61. Ra5 Rd1 62. Kf2 Rd2+ 63. Kg1 Rc2 64. Ra3 Rd2 65. Ra5 e4 66. fxe4 Ke5 67. Ra1 Kxe4 68. Re1+ Kf3 69. Rxe7 Rxd5 70. Re1 Rd3 71. Kh2 Rd2+ 72. Kh1 Kf4 73. Kg1 Rd3 74. Kh2 d5 75. Rf1+ Rf3 76. Rd1 Ke4 77. Re1+ Re3 78. Rd1 Re2+ 79. Kg1 d4 0-1

[Event "SUI-ch 111th"]
[Site "Leukerbad"]
[Date "2011.07.07"]
[Round "1"]
[White "Siebrecht, Sebastian"]
[Black "Freuler, Roman"]
[Result "1-0"]
[WhiteElo "2470"]
[BlackElo "2081"]
[PlyCount "71"]
[EventDate "2011.07.07"]
[EventType "swiss"]
[EventRounds "9"]
[EventCountry "SUI"]
[SourceTitle "CBM 143 Extra"]
[Source "ChessBase"]
[SourceDate "2011.08.29"]
[SourceVersion "1"]
[SourceVersionDate "2011.08.29"]
[SourceQuality "1"]

1. d4 Nf6 2. Nf3 g6 3. c4 c5 4. Nc3 Bg7 5. d5 0-0 6. e4 d6 7. Bd3 Nbd7 8. h3 Ne5 9. Nxe5 dxe5 10. Be3 b6 11. Qd2 e6 12. Bg5 exd5 13. exd5 Qd7 14. Bh6 Nh5 15. g3 f5 16. 0-0-0 Bxh6 17. Qxh6 Qg7 18. Qe3 Bd7 19. Be2 f4 20. gxf4 Nxf4 21. Bg4 Rae8 22. Ne4 Kh8 23. Rhg1 Qe7 24. d6 Qf7 25. Bxd7 Qxd7 26. h4 Qh3 27. Rg3 Qxh4 28. Ng5 Ne6 29. d7 Qxc4+ 30. Kb1 Rd8 31. b3 Qf4 32. Qxf4 Nxf4 33. Re3 h6 34. Nf3 Ne2 35. Nxe5 Rxf2 36. Nc6 1-0

[Event "EU-ch 12th"]
[Site "Aix les Bains"]
[Date "2011.03.28"]
[Round "7"]
[White "Pavlidis, Anastasios"]
[Black "Freuler, Roman"]
[Result "0-1"]
[WhiteElo "2321"]
[BlackElo "2071"]
[PlyCount "60"]
[EventDate "2011.03.22"]
[EventType "swiss"]
[EventRounds "11"]
[EventCountry "FRA"]
[SourceTitle "CBM 142 Extra"]
[Source "ChessBase"]
[SourceDate "2011.06.27"]
[SourceVersion "1"]
[SourceVersionDate "2011.06.27"]
[SourceQuality "1"]

1. d4 Nf6 2. c4 c5 3. d5 b5 4. cxb5 a6 5. bxa6 Bxa6 6. g3 d6 7. Bg2 g6 8. Nc3 Bg7 9. Nf3 0-0 10. 0-0 Nbd7 11. Rb1 Nb6 12. b3 Bb7 13. e4 Ng4 14. Bb2 Ba6 15. Re1 Nd7 16. a4 Qa5 17. Qc2 Nge5 18. Red1 Rfb8 19. Nxe5 Nxe5 20. Na2 Rb7 21. h3 Rab8 22. f4 Bd3 23. Rxd3 c4 24. b4 cxd3 25. Qd1 Rxb4 26. Nxb4 Qxb4 27. fxe5 Bxe5 28. Kh2 Qb3 29. Bf3 Qc2+ 30. Kg1 Bxg3 0-1

[Event "EU-ch 12th"]
[Site "Aix les Bains"]
[Date "2011.03.25"]
[Round "4"]
[White "Freuler, Roman"]
[Black "Maevsky, Nikolay"]
[Result "0-1"]
[WhiteElo "2071"]
[BlackElo "2342"]
[PlyCount "50"]
[EventDate "2011.03.22"]
[EventType "swiss"]
[EventRounds "11"]
[EventCountry "FRA"]
[SourceTitle "CBM 142 Extra"]
[Source "ChessBase"]
[SourceDate "2011.06.27"]
[SourceVersion "1"]
[SourceVersionDate "2011.06.27"]
[SourceQuality "1"]

1. e4 c6 2. d4 d5 3. Nc3 dxe4 4. Nxe4 Bf5 5. Ng3 Bg6 6. h4 h6 7. Nf3 Nd7 8. h5 Bh7 9. Bd3 Bxd3 10. Qxd3 e6 11. Bd2 Ngf6 12. 0-0-0 Be7 13. Kb1 Qc7 14. c4 Rd8 15. Ne4 c5 16. Bc3 0-0 17. Nxf6+ Nxf6 18. Qe2 Qf4 19. Rh4 Qf5+ 20. Qc2 Ng4 21. Qxf5 exf5 22. Rxg4 fxg4 23. Ne5 cxd4 24. Rxd4 Rxd4 25. Bxd4 Bf6 0-1

[Event "EU-ch 12th"]
[Site "Aix les Bains"]
[Date "2011.03.22"]
[Round "1"]
[White "Grandelius, Nils"]
[Black "Freuler, Roman"]
[Result "1-0"]
[WhiteElo "2547"]
[BlackElo "2071"]
[PlyCount "79"]
[EventDate "2011.03.22"]
[EventType "swiss"]
[EventRounds "11"]
[EventCountry "FRA"]
[SourceTitle "CBM 142 Extra"]
[Source "ChessBase"]
[SourceDate "2011.06.27"]
[SourceVersion "1"]
[SourceVersionDate "2011.06.27"]
[SourceQuality "1"]

1. Nf3 Nf6 2. c4 g6 3. g3 Bg7 4. Bg2 0-0 5. Nc3 d6 6. 0-0 e5 7. d3 Nc6 8. Rb1 h6 9. b4 Be6 10. b5 Ne7 11. Nd2 Qc8 12. Re1 c6 13. bxc6 bxc6 14. Ba3 Qc7 15. Qa4 Rfb8 16. Nb3 Bd7 17. Qa5 Qxa5 18. Nxa5 Ne8 19. Rb7 Rxb7 20. Nxb7 Nc8 21. Na5 Rb8 22. Bxc6 Bxc6 23. Nxc6 Rb6 24. Nb4 Nc7 25. Ncd5 Nxd5 26. cxd5 a5 27. Nc6 Bf8 28. e4 Rb7 29. Nxa5 Ra7 30. Nc4 Nb6 31. Nxb6 Rxa3 32. Ra1 Be7 33. Nc4 Rxd3 34. a4 Rc3 35. Na5 Rc8 36. Nc6 Bd8 37. a5 Ra8 38. Kg2 Kf8 39. a6 Bb6 40. Rb1 1-0

[Event "Gibraltar Masters 9th"]
[Site "Caleta"]
[Date "2011.02.03"]
[Round "10"]
[White "Garcia de Lomas Guerrero, Carlos"]
[Black "Freuler, Roman"]
[Result "0-1"]
[WhiteElo "1940"]
[BlackElo "2092"]
[PlyCount "90"]
[EventDate "2011.01.25"]
[EventType "swiss"]
[EventRounds "10"]
[EventCountry "GGB"]
[SourceTitle "CBM 141"]
[Source "ChessBase"]
[SourceDate "2011.03.17"]
[SourceVersion "1"]
[SourceVersionDate "2011.03.17"]
[SourceQuality "1"]

1. e4 c5 2. Nf3 Nc6 3. d4 cxd4 4. Nxd4 Nf6 5. Nc3 d6 6. Bg5 e6 7. f4 Be7 8. Qd2 Qb6 9. Nxc6 bxc6 10. e5 dxe5 11. fxe5 Nd5 12. Nxd5 cxd5 13. Bd3 Qxb2 14. 0-0 Bxg5 15. Qxg5 0-0 16. Rae1 Ba6 17. Bxa6 Qb6+ 18. Kh1 Qxa6 19. Rf3 h6 20. Qh5 Qxa2 21. Rg3 Kh7 22. Rf1 Qxc2 23. h3 Rab8 24. Rxf7 Rxf7 25. Qxf7 Rg8 26. Qxe6 Qe4 27. Qd6 Re8 28. Qd7 Qe1+ 29. Kh2 Qxe5 30. Qxa7 Re6 31. Qf7 Rc6 32. Qf3 Rg6 33. Qd3 Qxg3+ 34. Qxg3 Rxg3 35. Kxg3 Kg6 36. Kf3 Kf5 37. Ke3 Ke5 38. Kd3 d4 39. Kd2 Ke4 40. Ke2 g5 41. g3 h5 42. g4 h4 43. Kd2 d3 44. Kd1 Kf3 45. Kd2 Kg3 0-1

[Event "Gibraltar Masters 9th"]
[Site "Caleta"]
[Date "2011.02.01"]
[Round "8"]
[White "Gillespie, Gary"]
[Black "Freuler, Roman"]
[Result "0-1"]
[WhiteElo "1848"]
[BlackElo "2092"]
[PlyCount "63"]
[EventDate "2011.01.25"]
[EventType "swiss"]
[EventRounds "10"]
[EventCountry "GGB"]
[SourceTitle "CBM 141"]
[Source "ChessBase"]
[SourceDate "2011.03.17"]
[SourceVersion "1"]
[SourceVersionDate "2011.03.17"]
[SourceQuality "1"]

1. e4 c5 2. Nf3 d6 3. d4 cxd4 4. Nxd4 Nf6 5. Nc3 Nc6 6. f3 e5 7. Nb3 Be6 8. Bg5 Be7 9. Qd2 a5 10. a4 0-0 11. Bxf6 Bxf6 12. Nd5 Bg5 13. Qd1 f5 14. exf5 Bxf5 15. Bc4 Kh8 16. 0-0 Ne7 17. Nxe7 Qxe7 18. Nd2 d5 19. Bb3 Bf4 20. Qe2 Bxc2 21. Kh1 Bxb3 22. Nxb3 Qb4 23. Nc1 e4 24. Ra3 Rac8 25. Na2 Qd6 26. fxe4 dxe4 27. Rd1 Qe6 28. Nc3 Rfd8 29. Nb5 Rxd1+ 30. Qxd1 Rc1 31. Qxc1 Bxc1 32. Rc3 0-1

[Event "Gibraltar Masters 9th"]
[Site "Caleta"]
[Date "2011.01.25"]
[Round "1"]
[White "Freuler, Roman"]
[Black "Winkler, Stefan2222"]
[Result "1-0"]
[WhiteElo "2092"]
[BlackElo "1867"]
[PlyCount "73"]
[EventDate "2011.01.25"]
[EventType "swiss"]
[EventRounds "10"]
[EventCountry "GGB"]
[SourceTitle "CBM 141"]
[Source "ChessBase"]
[SourceDate "2011.03.17"]
[SourceVersion "1"]
[SourceVersionDate "2011.03.17"]
[SourceQuality "1"]

1. e4 e6 2. d4 d5 3. e5 c5 4. c3 Nc6 5. Nf3 Bd7 6. a3 f6 7. Bd3 Nh6 8. 0-0 Nf7 9. Re1 Qc7 10. Nbd2 fxe5 11. Nxe5 Ncxe5 12. dxe5 0-0-0 13. Qe2 Be7 14. c4 d4 15. b4 g5 16. bxc5 Bxc5 17. Nb3 h5 18. Bd2 Be7 19. Bb4 Ba4 20. Rab1 g4 21. Nd2 Rdg8 22. Be4 Ng5 23. Bxe7 Nh3+ 24. gxh3 gxh3+ 25. Kf1 Qxe7 26. Bxb7+ Kd8 27. Qd3 Qh4 28. Re4 Rg4 29. Qxd4+ Ke8 30. Rxg4 hxg4 31. Ne4 Kf7 32. Nd6+ Kg6 33. Qf4 Bc2 34. Be4+ Bxe4 35. Qxe4+ Kh5 36. Rb7 Qg5 37. Rh7+ 1-0